000
00210nam a22000857a 4500
008
170203b xxu||||| |||| 00| 0 eng d
100
_9
2772
_a
Viva Education
245
_a
School Atlas
260
_a
New Delhi
_b
Vida
_c
2009
999
_c
5963
_d
5963